01799nam a2200409Ia 450000500170000000700030001700800570002002000180007704000350009504100080013008200180013808200140015610000370017024501120020725000490031926400330036830000750040133600270047633700330050333800280053649000130056450400380057752100420061553400570065754500550071465000290076965000450079865000250084365000400086865000280090870000420093694200120097899900150099095201310100595201290113695201240126520220317001459.0ta210927r20152021ck ao e dspa d spa a9789588806839 aCO-BoRNBPbspaerdacCO-BoRNBP aspa04a909bH17d22204a301bH17a1 aHarari, Yuval Noahd1976-eautor10aDe animales a diosesbbreve historia de la humanidadcYuval Noah Harari ; traducción de Joandomènec Ros aPrimera ediciónbTrigésima reimpresión 1aBogotábDebatec2015c2021 a492 páginasbilustraciones, fotografías en blanco y negroc23 cm.  atextobtxt2rdacontent asin mediaciónbn2rdamedia avolumenbnc2rdacarrier aHistoria aBibliografía: páginas 457-474 aRecomendado para un público adulto  tFrom animals into gods, a brief history of humankind aIncluye datos biográficos del autor en la solapa14aHistoria universal2LEMB14aCiencia y civilizaciónxHistoria2LEMB14aCivilización2LEMB14aOriente y OccidentexHistoria2LEMB14aOrigen del hombre2LEMB1 aRos, Joandomènecetraductor9193196 2ddccBK c7101d7101 00102ddc40708GENaMECASARIbMECASARIcGENd2024-11-10l0o301 - H17ApBM0001124r2024-11-10 17:11:26tEj.1w2024-11-10yBK 00102ddc40708GENaMEMAPJGAbMEMAPJGAcGENd2025-07-14l0o909 H17dpMPJG00376r2025-07-14 10:30:49tEj.1w2025-07-14yBK 00102ddc4070aMELAJULIbMELAJULIcGENd2026-01-29l0o301 H17a pJUL00160r2026-01-29 19:23:00tEj.1w2026-01-29yBK